| 000 | 00540nam a2200181Ia 4500 | ||
|---|---|---|---|
| 999 |
_c30032 _d30032 |
||
| 003 | OSt | ||
| 005 | 20201124145713.0 | ||
| 008 | 190216s9999||||xx |||||||||||||| ||und|| | ||
| 020 | _a9788182647695 | ||
| 040 | _coclc | ||
| 082 |
_a920 _bJAC/H |
||
| 100 |
_aJacob, Johncy _96864 |
||
| 245 | 0 |
_aHarithadarsanam : _bJohnciyude Aathmakatha / _cJohncy Jacob |
|
| 260 |
_bThe Mathrubhumi Printing And publishing, _c2010. _aKozhikode: |
||
| 300 | _a176p | ||
| 650 | _aAthmakadha | ||
| 942 |
_cBK _2ddc _h920 _iJAC/H _k920 _mJAC/H |
||